000 01026nam a2200277Ia 4500
003 OSt
005 20220923211610.0
006 a|||||r|||| 00| 0
007 ta
008 220922b |||||||| |||| 00| 0 hin d
020 _a9789388753579 (hbk)
_c995
024 _a348,503
037 _bBR/7270, 19/02/2019, Rajkamal Prakashan Pvt. Ltd
_cTextual
040 _aARTS
_cARTS
_bhin
041 _2hin
_ahin
082 _aO152,3NRO,AK, Q9
100 _aरॉय, अरूंधति, ले.
245 0 _aअपार खुशी का घराना
246 _aApār khushī kā gharānā
260 _aनई दिल्ली
_b राजकमल प्रकाशन
_c2019
300 _a427पृ.
_ccm.
650 _a हिन्दी साहित्य
_9156264
650 _aहिन्दी कहानी
942 _hO152,3NRO,AK, Q9
_cTEXL
_2CC
999 _c301221
_d301221